| 000 | 01043cam a2200301 a 4500 | ||
|---|---|---|---|
| 999 |
_c7419 _d7419 |
||
| 001 | 169822 | ||
| 003 | ARRUPE | ||
| 005 | 20170612102820.0 | ||
| 008 | 980803s1997 nr 001 0 eng d | ||
| 010 | _a 98178262 | ||
| 020 | _a9781564210 | ||
| 035 | _a(OCoLC)38938085 | ||
| 040 |
_aNcD _cNcD _dCU _dDLC |
||
| 042 | _alccopycat | ||
| 043 | _af-nr--- | ||
| 050 | 0 | 0 |
_aDT515.842 _b.O57 1997 |
| 082 | 0 | 0 |
_a320.9669 _221 |
| 100 | 1 |
_aOnovo, Nnaji Jekwu. _98154 |
|
| 245 | 1 | 0 |
_aTo hell with democracy? / _cNnaji Jekwu Onovo. |
| 260 |
_aEnugu, Nigeria : _bFourth Dimension Pub., _c1997. |
||
| 300 |
_axiii, 196 p. ; _c21 cm. |
||
| 500 | _aIncludes index. | ||
| 651 | 0 |
_aNigeria _xPolitics and government _y1984-1993. _929404 |
|
| 651 | 0 |
_aNigeria _xPolitics and government _y1993-2007. _913505 |
|
| 906 |
_a7 _bcbc _ccopycat _d3 _encip _f19 _gy-gencatlg |
||
| 942 |
_2lcc _cMONOGRAPH |
||